Quick Pick: Flags with the Union Jack Quiz Stats

Quiz Updated Sep 16, 2017

Challenge
Share
Tweet
Embed
Score 0/5 Timer 00:30
0 Plays Today
% Correct
Australia
96%
New Zealand
95.7%
United Kingdom
94.1%
Fiji
73.4%
Tuvalu
59.6%

Today's Daily Dose

You're not logged in!

Compare scores with friends on all Sporcle quizzes.
Sign Up with Email
OR
Log In

You Might Also Like...

Show Comments

Extras

Top Quizzes Today


Score Distribution

Your Account Isn't Verified!

In order to create a playlist on Sporcle, you need to verify the email address you used during registration. Go to your Sporcle Settings to finish the process.